banner-ar

التاريخ الجغرافى للقران / (Record no. 36122)

MARC details
000 -الفاتح
حقل البيانات ثابتة الطول 00781nam a2200241Ia 4500
008 - عناصر البيانات ثابتة الطول - معلومات عامة
حقل البيانات ثابتة الطول 140319s9999 xx 000 0 ara d
040 ## - مصدر الفهرسة
وكالة الفهرسة الأصلية GCL /
وكالة النسخ GCL
082 04 - رقم تصنيف ديوى العشرى
رقم التصنيف 953
رقم المادة س ت
100 1# - المدخل الرئيسى - إسم شخصى
الإسم الشخصى سيد مظهر الدين نادفى
245 10 - بيان العنوان
العنوان التاريخ الجغرافى للقران /
بيان المسئوليه,etc سيد مظهر الدين نادفى
700 1# - المدخل الاضافى - اسم شخصى
الإسم الشخصى عبدالشافى غنيم عبدالقادر
700 1# - المدخل الاضافى - اسم شخصى
الإسم الشخصى حسنى محمد جوهر(مراجعة
300 ## - الوصف المادى
التعداد 230 ص
490 ## - بيان السلسلة
عنوان السلسلة الالف كتاب
رقم المجلد/ التعيين التسلسلي 0
650 04 - المدخل الاضافى بالموضوع-مصطلح موضوعى
مصطلح موضوعي تاريخ
650 04 - المدخل الاضافى بالموضوع-مصطلح موضوعى
مصطلح موضوعي الاسلام
650 04 - المدخل الاضافى بالموضوع-مصطلح موضوعى
مصطلح موضوعي التاريخ الاسلامى
650 04 - المدخل الاضافى بالموضوع-مصطلح موضوعى
مصطلح موضوعي القران
650 04 - المدخل الاضافى بالموضوع-مصطلح موضوعى
مصطلح موضوعي القصص القرآنية
942 ## - عناصر المدخل الإضافي( كوها)
مصدر التصنيف او مخطط الترفيف Dewey Decimal Classification
Koha [default] item type كتاب
260 ## - PUBLICATION, DISTRIBUTION, ETC. (IMPRINT)
-- [S.N] :
-- لجنة البيان العربى
Holdings
حالة التراجع حالة الفقد حالة تلف ليس للاعارة المكان المؤقت الموقع الحالى تاريخ الاكتساب اجمالي اﻻعارات رقم الطلب الباركود تاريخ اخر مشاهدة تاريخ تفعيل السعر نوع وعاء كوها
        مكتبة القاهرة الكبرى مكتبة القاهرة الكبرى 03/26/2014   953\س ت 87886 03/26/2014 03/26/2014 كتاب
        مكتبة القاهرة الكبرى مكتبة القاهرة الكبرى 03/26/2014   953\س ت 87887 03/26/2014 03/26/2014 كتاب

Powered By

EGPV